000
00337nam a2200121Ia 4500
008
180126s9999||||xx |||||||||||||| ||und||
020
_c
NT340
_a
978-986-357-024-0
100
_a
鄧伯宸
245
0
_c
鄧伯宸
_a
一日浮生:十個探問生命意義的故事
250
_a
初版11刷
260
_c
2015.02
_a
台北市
300
_c
cm.
_a
p.
942
_2
ccl
_c
BOOK
999
_c
119
_d
119